| 000 | 00436nam a2200181Ia 4500 | ||
|---|---|---|---|
| 001 | 16633 | ||
| 005 | 20260306170324.0 | ||
| 008 | 260306t2014||||xx |||||||||||||| ||und|| | ||
| 041 | _aESP | ||
| 082 |
_a348.8 _bT869M |
||
| 100 |
_aToyama Miyagusuku, Jorge _eAUT |
||
| 245 | 0 | _aManual de fiscalización laboral | |
| 260 | _c2014 | ||
| 300 |
_a640 pƔginas : _c25 cm. |
||
| 650 | _aGEN | ||
| 654 | _aCDE | ||
| 942 |
_cLIB _dJUS _fJUS _2ddc _n |
||
| 999 |
_c16633 _d16633 |
||